Tricky business letters : persuasive tactics on paper

Bibliographic Details
Main Author: WAINWRIGHT, Gordon
Format: Book
Published: London : Pitman Publishing , 1993
Subjects:

MARC

LEADER 00000cam a2200000 7i4500
001 0000002535
002 000002759
005 20000330.0
020 |a 0273601628 
090 0 0 |a 808.066651   |b WAI 
100 1 |a WAINWRIGHT, Gordon 
245 1 0 |a Tricky business letters :   |b persuasive tactics on paper   |c Gordon Wainwright 
260 |a London :   |b Pitman Publishing ,   |c 1993 
300 |a 182p. ;   |c 23cm. 
650 0 0 |a Business letters 
999 |a 036001   |b BUKU   |c PINJAMAN   |e PERPUSTAKAAN KOMUNITI PETALING JAYA